=LDR 00000nam 2200000 4500 =001 INLIS000000000035104 =005 20230302011426 =035 ##$$a 0010-061300000035104 =008 230302###########################0###### =041 ##$$a Ind =082 ##$$a 001.4 =090 ##$$a 001.4, Sug m =100 ##$$a Sugiyono =245 1#$$a Memahami Penelitian Kualitatif /$c Prof.Dr Sugiyono =260 ##$$a Bandung :$b Alfabeta,$c 2009 =300 ##$$a x, 234 hlm, : $b ilus, ; $c 21 cm =850 ##$$a NBPNMAT =020 ##$$a 979-8433-37-X =084 ##$$a 001.4 SUG m =990 ##$$a 00056683